000 00523nam a22001817a 4500
003 OSt
005 20241129175415.0
008 241129b |||||||| |||| 00| 0 eng d
040 _aDDC
_cMUST
082 _a579.5 COO 2001.
100 _aFisher, Norman B.
_919342
245 _aFundamentals of Diagnostic Mycology/
_c Norman B. Cook.
260 _bFran Fisher MED MT (ASCP);
_c2001.
300 _aiv,135p.:
_bill.,
_c25cm.
504 _aIncludes Appendixes and References
650 _aBiology
_95602
942 _2ddc
_cO_SHELF
999 _c9490
_d9490